| 000 | 00691na a2200229 4500 | ||
|---|---|---|---|
| 001 | 18190 | ||
| 003 | MIRAKIL | ||
| 005 | 20181213154929.0 | ||
| 008 | 161114b tu 000 0 | ||
| 040 |
_aMilas _btur _cTR-AnCHP |
||
| 041 | _atur | ||
| 082 |
_a362.042256511 _bO5 2016 |
||
| 090 | _a362.042256511 O5 2016 | ||
| 245 |
_a10 Ekim Ankara katliamı _cKitabı hazırlayanlar Gizem Göktepe, ...[ve öte.] |
||
| 260 |
_aAnkara _bSosyal Demokrasi Derneği _c2016 |
||
| 300 |
_a74 s. _bfotğ.; res. _c28 sm. |
||
| 650 | _aAnkara katliamı, 10 Ekim | ||
| 650 |
_aToplumsal olaylar _xKatliamlar |
||
| 651 |
_aAnkara _xToplumsal sorunlar |
||
| 700 | _aGöktepe, Gizem | ||
| 942 |
_2ddc _cBKS |
||
| 999 |
_c3378 _d3378 |
||